Every city in Eritrea - Statistics

General Stats
  • This quiz has been taken 13 times
  • The average score is 5 of 24
Answer Stats
City Population % Correct
A Asmara 380,568
100%
K Keren 55,586
67%
A Assab 44,220
56%
A Adi Ugri 20,391
44%
M Massawa 27,179
44%
N Nakfa 4,312
44%
T Teseney 15,327
33%
A Afabet 35,673
22%
A Agordat 22,316
22%
A Adi Keyih 15,633
11%
A Adi Kwala 7,225
11%
B Barentu 13,219
11%
D Debarwa 3,435
11%
D Dekemhare 21,675
11%
G Ghinda 15,539
11%
O Om Hajer 9,240
11%
S Segeneyti 6,146
11%
S Senafe 12,282
11%
A Adi Tekelezan 9,616
0%
A Areza 4,774
0%
G Golluj 9,297
0%
H Hagaz 11,861
0%
H Haykota 2,587
0%
T Tserona 3,557
0%
No matching quizzes found
Score Distribution
Percent of People with Each Score
Percentile by Number Answered
Your Score History
You have not taken this quiz